000 00546nam a2200229 a 4500
001 nice12345678
003 IN_TiNIC
005 20260116014010.0
008 131001s2001 newa grp 000 0 eng
020 _a9780141185231
_c350
082 0 0 _a920
_bCAM
100 _aCamus, Albert
245 _aFirst Man
260 _aNew Delhi
_bPenguin Books
_c2001
300 _a261p
500 _aincludes index and biblioraphy
650 _aAutobiography-Camus
700 1 _aCamus, Albert
902 _bSRS
942 _cBK
999 _c13438
_d13438